000 01200nam a2200313 4500
001 460
003 OSt
005 20250829145150.0
008 250829b |||||||g |||| 00| 1 eng d
020 _a8570563604
040 _bpor
041 _apor
082 _a028.5
_bA554r
100 _aAndrade, Telma Guimarães Castro
_9994
245 _aRita-você-é-um-doce:
_cAndrade, Telma Guimarães Castro ; Ilustrações de Alcy
250 _a4 ed.
260 _aSão Paulo
_bAtual
_c1991
300 _a88 p.
_bil.
520 _aEste livro revela uma personagem que provavelmente o leitor já viu por aí. Versátil, espontânea, batalhadora e cheia de personalidade: essa é Rita, a adolescente que registra as suas aventuras e desventuras num diário. Ciúme de namorado, vontade de ser independente, dúvida na escolha da carreira --quem não tem? Rita não foge à regra: é só ler o diário e conferir.
650 0 _aLiteratura Brasileira
_9205
650 0 _aRomance juvenil
_9981
650 0 _aInfantojuvenil
_9200
650 0 _aAventura
_947
655 0 _aRomance
_923
655 0 _aFicção
_922
700 _aAlcy
_eIlustrador
830 _aTransas & Tramas
_9996
942 _2ddc
_n0
_cBK
999 _c460
_d460